Ekonomický růst v České republice a nových členských zemích Evropské unie v období 1995-2006
Analýza zdrojov ekonomického rastu v Českej republike a jej deviatich národohospodárskych odvetví, vrátane spracovateľského priemyslu. Komparatívna analýza faktorov rastu v nových členských krajinách krajín Európskej únie označovaných ako EU-10.
Na minha lista:
| Autor principal: | |
|---|---|
| Formato: | Capítulo de Livro |
| Idioma: | tcheco |
| Assuntos: | |
| Tags: |
Sem tags, seja o primeiro a adicionar uma tag!
|
MARC
| LEADER | 00000naa$a2200000$$$4500 | ||
|---|---|---|---|
| 001 | 0081578 | ||
| 005 | 20231019131517.6 | ||
| 041 | 0 | |a cze | |
| 044 | |a CZ | ||
| 245 | 1 | 0 | |a Ekonomický růst v České republice a nových členských zemích Evropské unie v období 1995-2006 |c Mojmír Hájek |
| 520 | |a Analýza zdrojov ekonomického rastu v Českej republike a jej deviatich národohospodárskych odvetví, vrátane spracovateľského priemyslu. Komparatívna analýza faktorov rastu v nových členských krajinách krajín Európskej únie označovaných ako EU-10. | ||
| 610 | 2 | 0 | |a Európska únia |
| 610 | 2 | 0 | |a Česko |
| 610 | 2 | 0 | |a krajiny tranzitívne |
| 610 | 2 | 0 | |a analýza komparatívna |
| 610 | 2 | 0 | |a rast hospodársky |
| 100 | 1 | |a Hájek, Mojmír | |